000
00272nam a22001217a 4500
008
180927b xxu||||| |||| 00| 0 eng d
041
_a
eng
080
_a
610
100
_a
7
101
_a
ANE
245
_a
Complications Anesthesthesiology
_c
Lobato.E.B
942
_2
udc
_c
BK
999
_c
48638
_d
48638